Statistics for Top 10 Countries with the Most Registered Soccer Players

Click here to take the quiz!

General Stats

  • This quiz has been taken 52,085 times
  • The average score is 7 of 10

Answer Stats

#Country% Correct
2,142,000Brazil
96%
1,486,000England
96%
1,795,000France
93%
6,309,000Germany
93%
4,187,000United States
88%
1,514,000Italy
85%
1,139,000Netherlands
56%
1,045,000Japan
54%
866,000Canada
50%
1,469,000South Africa
22%

Score Distribution

Percentile by Number Answered

Percent of People with Each Score

Your Score History

You have not taken this quiz